Dosahování udržitelného rozvoje podniku při zachování jeho výkonnosti

Dosahovanie trvalo udržateľného rozvoja podnikov pri zachovaní ich výkonnosti ako pridanej hodnoty, ktorá komplexným spôsobom pozitívne ovplyvňuje postavenie spoločnosti na trhu a tým aj obchodné úspechy podniku.

Salvato in:
Dettagli Bibliografici
Autore principale: Zajacová, Andrea, 1985-
Natura: Capitolo di libro
Lingua:slovacco
Soggetti:
Tags: Aggiungi Tag
Nessun Tag, puoi essere il primo ad aggiungerne!!

MARC

LEADER 00000nla$a2200000$$$4500
001 0148293
005 20240502083341.3
041 0 |a slo 
044 |a CZ 
245 1 0 |a Dosahování udržitelného rozvoje podniku při zachování jeho výkonnosti  |c Andrea Zajacová 
520 |a Dosahovanie trvalo udržateľného rozvoja podnikov pri zachovaní ich výkonnosti ako pridanej hodnoty, ktorá komplexným spôsobom pozitívne ovplyvňuje postavenie spoločnosti na trhu a tým aj obchodné úspechy podniku. 
610 2 0 |a podnik 
610 2 0 |a stratégia podniková 
610 2 0 |a prostredie podnikateľské 
610 2 0 |a manažment inovačný 
610 2 0 |a rozvoj trvalo udržateľný 
610 2 0 |a prostredie životné 
610 2 0 |a konkurencieschopnosť 
100 1 |a Zajacová, Andrea, 1985-